Pierce 1637 : a new almanacke and prognostication for the yeere of our Lord 1637, being the first from bissextile or leap-yeere : calculated for the latitude and meridian of the citie of Durham, the Pole Articke being elevated 55 degrees, and may serue without any great errour for most parts of Great Britaine /

Bibliographic Details
Main Author: Pierce, Matthew, active 1634-1641
Format: Microform Book
Language:English
Published: Printed at London : By Tho. Cotes for the Company of Stationers, [1637]
Series:Early English books, 1475-1640 ; 1845:50.
Subjects:

MARC

Tag First Indicator Second Indicator Subfields
LEADER 00000cam a2200000 a 4500
001 in00001371521
005 20151006081333.0
007 hd afv---baca
007 hd bfv---baaa
008 910808s1637 xx a a 000 0 eng d
035 |a (OCoLC)24203885 
035 |9 AHJ2419AM 
037 |a CL0036000056  |b University Microfilms International 
037 |b University Microfilms International, 300 N. Zeeb Rd., Ann Arbor, MI 48106 
040 |a EBL  |c EBL  |d UtOrBLW 
043 |a e-uk--- 
049 |a TXAI 
090 |a AY751  |b .P53 1637 
099 |a film  |a B  |a 3608  |a 1845:50. 
100 1 |a Pierce, Matthew,  |d active 1634-1641. 
245 1 0 |a Pierce 1637 :  |b a new almanacke and prognostication for the yeere of our Lord 1637, being the first from bissextile or leap-yeere : calculated for the latitude and meridian of the citie of Durham, the Pole Articke being elevated 55 degrees, and may serue without any great errour for most parts of Great Britaine /  |c by Mathew Pierce ... 
264 1 |a Printed at London :  |b By Tho. Cotes for the Company of Stationers,  |c [1637] 
300 |a 40 unnumbered pages :  |b illustrations 
336 |a text  |b txt  |2 rdacontent 
337 |a microform  |b h  |2 rdamedia 
338 |a microfilm reel  |b hd  |2 rdacarrier 
500 |a Second part has special title page with title: Pierce 1637, a prognostication for the yeare of our redemption 1637. 
500 |a Signatures: A-B⁸ C⁴. 
500 |a Title within ornamental border. 
500 |a Imperfect: cropped, with print show-through. 
500 |a Reproduction of original in the Lambeth Palace Library. 
510 4 |a STC (2nd ed.)  |c 496.4 
533 |a Microfilm.  |b Ann Arbor, Mich. :  |c University Microfilms International,  |d 1985.  |e 1 microfilm reel ; 35 mm.  |f (Early English books, 1475-1640 ; 1845:50) 
539 |a s  |b 1985  |d miu  |e n 
500 |a Microform. 
650 0 |a Almanacs, English. 
650 0 |a Ephemerides. 
650 0 |a Astrology  |v Early works to 1800. 
730 0 2 |a Prognostication for the yeare of our redemption 1637. 
740 0 |a New almanacke and prognostication for the yeere of our Lord 1637. 
830 0 |a Early English books, 1475-1640 ;  |v 1845:50. 
999 |a MARS 
999 f f |s 2afe5907-446a-3244-a96a-5bdbaf18a23e  |i b9605041-8fa2-3497-9bff-c67418eaaf27  |t 0 
952 f f |p default  |a Texas A&M University  |b College Station  |c Sterling C. Evans Library  |d Evans: Microforms (3rd floor)  |t 0  |e film B 3608 1845:50.  |h Other scheme  |i microform -- microfilm reel 
998 f f |a film B 3608 1845:50.  |t 0  |l Evans: Microforms (3rd floor)